[Event "Liape ch-1 zone-B gr-07 email"]
[Site "Liape email"]
[Date "2003.01.05"]
[Round "6"]
[White "Fournier, Frederic"]
[Black "Punos, Rafael"]
[Result "1/2-1/2"]
[WhiteElo "2215"]
[BlackElo "1600"]
[PlyCount "31"]
[EventDate "2003.??.??"]
[EventType "tourn (corr)"]
[EventRounds "6"]
[EventCountry "ARG"]
[SourceTitle "Corr 2006"]
[Source "ChessBase"]
[SourceDate "2006.04.01"]
[SourceVersion "3"]
[SourceVersionDate "2006.04.01"]
[SourceQuality "1"]

1. e4 e5 2. f4 exf4 3. Nf3 d6 4. Bc4 h6 5. h4 Bg4 6. d3 Nc6 7. Qd2 Nf6 8. Qxf4 Be7 9. Bb5 Qd7 10. Nc3 0-0 11. Be3 Nh5 12. Qh2 Rfe8 13. d4 a6 14. Be2 Nf6 15. 0-0-0 Bf8 16. Qf4 1/2-1/2

[Event "Liape ch-1 zone-B gr-07 email"]
[Site "Liape email"]
[Date "2003.01.04"]
[Round "5"]
[White "Punos, Rafael"]
[Black "Carroll, Patrick J"]
[Result "0-1"]
[WhiteElo "1600"]
[BlackElo "2130"]
[PlyCount "68"]
[EventDate "2003.??.??"]
[EventType "tourn (corr)"]
[EventRounds "6"]
[EventCountry "ARG"]
[SourceTitle "Corr 2006"]
[Source "ChessBase"]
[SourceDate "2006.04.01"]
[SourceVersion "3"]
[SourceVersionDate "2006.04.01"]
[SourceQuality "1"]

1. e4 c5 2. Nf3 d6 3. Bb5+ Bd7 4. Bxd7+ Qxd7 5. 0-0 Nc6 6. Re1 Nf6 7. d3 e6 8. Nc3 Be7 9. a3 Ng4 10. Bf4 Bf6 11. Nb5 Nge5 12. Nxe5 Nxe5 13. a4 0-0 14. Qd2 a6 15. Nc3 b5 16. a5 Nc6 17. Bg5 Qd8 18. Bxf6 Qxf6 19. b3 b4 20. Na4 Qd4 21. Nb6 Rad8 22. Qe2 Qf6 23. d4 Nxd4 24. Qd3 Qg5 25. Red1 f5 26. exf5 Rxf5 27. Nc4 Rdf8 28. Rf1 R8f6 29. Ne3 Nf3+ 30. Kh1 Rh6 31. Qxd6 Nxh2 32. Qb8+ Kf7 33. Qxh2 Qh4 34. Qh3 Rg5 0-1